Heat and Mass Transfer

This textbook presents the classical treatment of the problems of heat transfer in an exhaustive manner with due emphasis on understanding of the physics of the problems. This emphasis is especially visible in the chapters on convective heat transfer. Emphasis is laid on the solution of steady and u...

Full description

Bibliographic Details
Main Author: Karwa, Rajendra (Author)
Corporate Author: SpringerLink (Online service)
Format: Electronic eBook
Language:English
Published: Singapore : Springer Singapore : Imprint: Springer, 2017.
Subjects:
Online Access:Full Text via HEAL-Link
LEADER 04102nam a22005175i 4500
001 978-981-10-1557-1
003 DE-He213
005 20160923092753.0
007 cr nn 008mamaa
008 160923s2017 si | s |||| 0|eng d
020 |a 9789811015571  |9 978-981-10-1557-1 
024 7 |a 10.1007/978-981-10-1557-1  |2 doi 
040 |d GrThAP 
050 4 |a TJ265 
050 4 |a QC319.8-338.5 
072 7 |a TGMB  |2 bicssc 
072 7 |a SCI065000  |2 bisacsh 
082 0 4 |a 621.4021  |2 23 
100 1 |a Karwa, Rajendra.  |e author. 
245 1 0 |a Heat and Mass Transfer  |h [electronic resource] /  |c by Rajendra Karwa. 
264 1 |a Singapore :  |b Springer Singapore :  |b Imprint: Springer,  |c 2017. 
300 |a XXIII, 1023 p. 372 illus., 2 illus. in color.  |b online resource. 
336 |a text  |b txt  |2 rdacontent 
337 |a computer  |b c  |2 rdamedia 
338 |a online resource  |b cr  |2 rdacarrier 
347 |a text file  |b PDF  |2 rda 
505 0 |a List of Symbols -- Chapter 1: Introduction -- Chapter 2: One Dimensional Steady State Heat Conduction -- Chapter 3: Extended Surfaces (Fins) -- Chapter 4: Conduction with Heat Generation -- Chapter 5: Steady-State Two Dimensional Heat Conduction -- Chapter 6: Unsteady or Transient Heat Conduction -- Chapter 7: Convective Heat Transfer -- Chapter 8: Empirical Relations for Forced Convection Heat Transfer -- Chapter 9: Empirical Relations for Natural or Free Convection -- Chapter 10: Laws of Thermal Radiation -- Chapter 11: Exchange of Thermal Radiation between Surfaces Separated by Transparent Medium -- Chapter 12: Heat Transfer in Absorbing and Emitting Media (Gaseous Radiation) -- Chapter 13: Heat Transfer in Condensing Vapours and Boiling Liquids -- Chapter 14: Heat Exchangers -- Chapter 15: Mass Transfer -- Chapter 16: Special Topic: Performance of Solar Air Heater -- Appendix A: Conversion Factors -- Appendix B: Short Questions -- Bibliography. 
520 |a This textbook presents the classical treatment of the problems of heat transfer in an exhaustive manner with due emphasis on understanding of the physics of the problems. This emphasis is especially visible in the chapters on convective heat transfer. Emphasis is laid on the solution of steady and unsteady two-dimensional heat conduction problems. Another special feature of the book is a chapter on introduction to design of heat exchangers and their illustrative design problems. A simple and understandable treatment of gaseous radiation has been presented. A special chapter on flat plate solar air heater has been incorporated that covers thermo-hydraulic modeling and simulation. The chapter on mass transfer has been written looking specifically at the needs of the students of mechanical engineering. The book includes a large number and variety of solved problems with supporting line diagrams. The author has avoided duplicating similar problems, while incorporating more application-based examples. All the end-of-chapter exercise problems are supplemented with stepwise answers. Primarily designed to serve as a complete textbook for undergraduate and graduate students of mechanical engineering, the book will also be useful for students of chemical, automobile, production, and industrial engineering streams. The book fully covers the topics of heat transfer coursework and can also be used as reference for students preparing for competitive graduate examinations. . 
650 0 |a Engineering. 
650 0 |a Energy systems. 
650 0 |a Chemical engineering. 
650 0 |a Thermodynamics. 
650 0 |a Heat engineering. 
650 0 |a Heat transfer. 
650 0 |a Mass transfer. 
650 1 4 |a Engineering. 
650 2 4 |a Engineering Thermodynamics, Heat and Mass Transfer. 
650 2 4 |a Thermodynamics. 
650 2 4 |a Energy Systems. 
650 2 4 |a Industrial Chemistry/Chemical Engineering. 
710 2 |a SpringerLink (Online service) 
773 0 |t Springer eBooks 
776 0 8 |i Printed edition:  |z 9789811015564 
856 4 0 |u http://dx.doi.org/10.1007/978-981-10-1557-1  |z Full Text via HEAL-Link 
912 |a ZDB-2-ENG 
950 |a Engineering (Springer-11647)